[Event "3. Bessunger Schachpokal"]
[Site "Schachforum Darmstadt"]
[Date "2015.11.26"]
[Round "5.7"]
[White "Lukas, Anne"]
[Black "Brockmann, Marcus"]
[Result "1-0"]
[WhiteElo "1752"]
[BlackElo "1395"]
[PlyCount "61"]
[EventDate "2015.??.??"]

1. d4 Nf6 2. c4 c5 3. d5 e6 4. Nc3 exd5 5. cxd5 d6 6. Nf3 g6 7. Bf4 a6 8. a4
Bg7 9. e3 Bg4 10. Be2 Bxf3 11. Bxf3 O-O 12. Qb3 Qc7 13. O-O Nbd7 14. a5 b6 15.
axb6 Nxb6 16. Be2 Rab8 17. Qd1 c4 18. Rxa6 Rfe8 19. Bf3 Qb7 20. Ra5 Qc7 21. Nb5
Qd7 22. Nxd6 Ra8 23. Rxa8 Rxa8 24. Qc2 Nbxd5 25. Qxc4 Nxf4 26. Bxa8 Qxd6 27.
Qxf4 Qb6 28. Qd4 Qa5 29. Bf3 Ne8 30. Qd7 Nf6 31. Qb7 1-0

[Event "3. Bessunger Schachpokal"]
[Site "Schachforum Darmstadt"]
[Date "2015.11.26"]
[Round "5.4"]
[White "Cors, Heinz-Friedrich"]
[Black "Karimi, Farhad"]
[Result "0-1"]
[WhiteElo "1826"]
[BlackElo "2029"]
[PlyCount "99"]
[EventDate "2015.??.??"]

1. e4 c5 2. Nf3 Nc6 3. d4 cxd4 4. Nxd4 e5 5. Nb5 d6 6. N1c3 a6 7. Na3 b5 8. Nd5
Nce7 9. c4 Nxd5 10. Qxd5 Be6 11. Qd1 Nf6 12. Bd3 Be7 13. O-O O-O 14. Qe2 b4 15.
Nc2 a5 16. Bd2 Qb6 17. b3 Bg4 18. Qe3 Qc7 19. Qg3 Bh5 20. Ne3 Bg6 21. f3 Qa7
22. Qf2 Bd8 23. Qe2 Bb6 24. Kh1 Bd4 25. Rab1 Rae8 26. Nc2 Bc5 27. Be3 Nd7 28.
Bxc5 Nxc5 29. a3 a4 30. bxa4 b3 31. Na1 Qxa4 32. Nxb3 Nxb3 33. Bc2 Nd4 34. Bxa4
Nxe2 35. Bxe8 Rxe8 36. Rb6 Kf8 37. Rfb1 f5 38. Rxd6 fxe4 39. fxe4 Nc3 40. Re1
Ke7 41. Rb6 Ra8 42. Rb7+ Kd6 43. Ra1 Bxe4 44. Rb3 Na4 45. Re3 Bc6 46. Rd1+ Ke6
47. c5 Nxc5 48. Rc1 Ra5 49. Rec3 Kd6 50. Rd1+ 0-1

[Event "3. Bessunger Schachpokal"]
[Site "Schachforum Darmstadt"]
[Date "2015.11.30"]
[Round "5.3"]
[White "Seehaus, Bernhard"]
[Black "Torrijos, Javier"]
[Result "1-0"]
[WhiteElo "2015"]
[BlackElo "1496"]
[PlyCount "117"]
[EventDate "2015.??.??"]

1. Nc3 c6 2. e4 d5 3. Nf3 dxe4 4. Nxe4 Nd7 5. Qe2 e6 6. d4 Ngf6 7. g3 Nxe4 8.
Qxe4 Nf6 9. Qd3 Be7 10. Bg2 O-O 11. O-O Nd5 12. c4 Nf6 13. b3 Qb6 14. Bb2 Rd8
15. Rad1 a5 16. a3 Nd7 17. Qc2 Bf6 18. Rd2 Nf8 19. Rfd1 Bd7 20. Ne5 Bg5 21. f4
Be7 22. Kh1 Be8 23. c5 Qc7 24. Nc4 Ra6 25. Bc3 Rda8 26. Nb6 Rxb6 27. cxb6 Qxb6
28. Qb2 f6 29. b4 a4 30. Rc1 Qb5 31. Qa2 Bf7 32. Bf1 Qh5 33. Be2 Qf5 34. Qc2
Qh3 35. Bf1 Qh5 36. Qd1 Qd5+ 37. Bg2 Qc4 38. Bb2 Qb5 39. Qe2 Qxe2 40. Rxe2 Bh5
41. Re3 f5 42. d5 cxd5 43. Bxd5 Bxb4 44. axb4 exd5 45. Rc7 Bf7 46. Rxb7 a3 47.
Ba1 Ne6 48. b5 Nc5 49. Rc7 Nb3 50. Re1 Nxa1 51. Rxa1 d4 52. b6 Bd5+ 53. Kg1 Rb8
54. Rd7 Be4 55. Rxd4 Rxb6 56. Rxa3 Rb1+ 57. Kf2 Rh1 58. Ra7 h6 59. Rdd7 1-0

[Event "3. Bessunger Schachpokal"]
[Site "Schachforum Darmstadt"]
[Date "2015.11.26"]
[Round "5.2"]
[White "Gramlich, Sebastian"]
[Black "Tibke, Jonas"]
[Result "1-0"]
[WhiteElo "2154"]
[BlackElo "1867"]
[PlyCount "55"]
[EventDate "2015.??.??"]

1. c4 c5 2. Nc3 Nc6 3. Nf3 Nf6 4. e3 d6 5. d4 Bg4 6. d5 Ne5 7. Qa4+ Bd7 8. Qb3
Nxf3+ 9. gxf3 Rb8 10. Bd2 g6 11. Bd3 Bg7 12. h4 a6 13. a4 Qc8 14. Ke2 b6 15.
Rag1 Nh5 16. Ne4 b5 17. axb5 axb5 18. cxb5 Qb7 19. Nc3 O-O 20. Rg5 Bf6 21. Rxh5
gxh5 22. Qc4 Bxc3 23. Bxc3 f6 24. Rg1+ Kh8 25. Qe4 Rf7 26. Qxe7 Rxe7 27. Bxf6+
Rg7 28. Rxg7 1-0

[Event "3. Bessunger Schachpokal"]
[Site "Schachforum Darmstadt"]
[Date "2015.11.26"]
[Round "5.1"]
[White "Nothnagel, Marian Can"]
[Black "Leck, Jakob"]
[Result "1-0"]
[WhiteElo "1994"]
[BlackElo "1919"]
[PlyCount "67"]
[EventDate "2015.??.??"]

1. e4 e6 2. d4 d5 3. Nd2 Nf6 4. e5 Nfd7 5. Bd3 c5 6. c3 Nc6 7. Ne2 cxd4 8. cxd4
f6 9. exf6 Qxf6 10. Nf3 h6 11. O-O Bd6 12. Ng3 O-O 13. Bc2 Rd8 14. Re1 Nf8 15.
a3 Bd7 16. b4 a6 17. Bb2 Rac8 18. Ne5 Be8 19. Re3 Ne7 20. Bd3 Neg6 21. Nh5 Qh4
22. Rh3 Qe7 23. f4 Rc7 24. Qg4 Bxe5 25. dxe5 a5 26. f5 exf5 27. Bxf5 Rc4 28.
Qe2 axb4 29. e6 Qc5+ 30. Kh1 d4 31. axb4 Qxb4 32. Ba3 Qb5 33. e7 Nxe7 34. Qxe7
1-0

[Event "3. Bessunger Schachpokal"]
[Site "Schachforum Darmstadt"]
[Date "2015.11.19"]
[Round "4.9"]
[White "Brockmann, Marcus"]
[Black "Heun, Andreas"]
[Result "1/2-1/2"]
[WhiteElo "1395"]
[BlackElo "1637"]
[PlyCount "81"]
[EventDate "2015.??.??"]

1. e4 d5 2. exd5 Qxd5 3. Nc3 Qa5 4. d4 c6 5. Nf3 Nf6 6. Bd3 Bg4 7. Bd2 Qc7 8.
h3 Bh5 9. g4 Bg6 10. Bxg6 hxg6 11. Ne5 e6 12. Bf4 Bd6 13. Qe2 Nbd7 14. Bg3 O-O
15. O-O-O b5 16. Ne4 Nxe4 17. Qxe4 Nf6 18. Qxc6 Bxe5 19. Qxc7 Bxc7 20. Bxc7
Rac8 21. Bg3 Rc6 22. a3 Rfc8 23. c3 a5 24. Rd3 b4 25. Kd2 bxc3+ 26. bxc3 Ne4+
27. Ke3 Nxc3 28. Kd2 Nd5 29. Rb1 Rc2+ 30. Ke1 Nc3 31. Rb3 Rc1+ 32. Kd2 Ne4+ 33.
Ke3 Re1+ 34. Kf4 g5+ 35. Kf3 Rc7 36. Rb5 Nd2+ 37. Kg2 Ne4 38. Re5 Re2 39. Rf3
Nxg3 40. Kxg3 Rxe5 41. dxe5 1/2-1/2

[Event "3. Bessunger Schachpokal"]
[Site "Schachforum Darmstadt"]
[Date "2015.11.19"]
[Round "4.6"]
[White "Torrijos, Javier"]
[Black "Tampe, Alexander"]
[Result "1-0"]
[WhiteElo "1496"]
[BlackElo "1512"]
[PlyCount "41"]
[EventDate "2015.??.??"]

1. d4 d5 2. c4 e6 3. Nc3 Nf6 4. Bg5 Be7 5. e3 O-O 6. Nf3 b6 7. cxd5 Nxd5 8.
Nxd5 Bxg5 9. Nxc7 Qxc7 10. Nxg5 Bb7 11. Bd3 h6 12. Nf3 Rd8 13. O-O e5 14. Nxe5
Nc6 15. Rc1 Qd6 16. Nxc6 Bxc6 17. Qg4 Rac8 18. Qf5 g6 19. Qg4 Qb4 20. Bxg6 Bd7
21. Bf5+ 1-0

[Event "3.Bessunger Schachpokal"]
[Site "Darmstadt"]
[Date "2015.11.19"]
[Round "4.5"]
[White "Wiewesiek, Timo"]
[Black "Cors, HF."]
[Result "1/2-1/2"]
[WhiteElo "1910"]
[BlackElo "1826"]
[PlyCount "90"]
[EventDate "2015.??.??"]

1. e4 e5 2. Nf3 Nc6 3. Bb5 a6 4. Ba4 Nf6 5. d3 b5 6. Bb3 Be7 7. c3 O-O 8. Nbd2
d6 9. Nf1 Be6 10. Bc2 d5 11. Bd2 dxe4 12. dxe4 Ne8 13. Ne3 Nd6 14. b3 f5 15.
exf5 Nxf5 16. Be4 Qe8 17. Qc2 g6 18. Nd5 Bd6 19. Ng5 Bd7 20. h4 h6 21. Nf3 Kg7
22. Qc1 Rh8 23. h5 gxh5 24. Rg1 Nfe7 25. Nh4 Rd8 26. Ne3 Qf7 27. g4 Rhf8 28.
gxh5+ Kh8 29. f3 Qxh5 30. Ng6+ Nxg6 31. Rxg6 Rg8 32. Qc2 Qh4+ 33. Ke2 Qh2+ 34.
Ke1 Ne7 35. Rxg8+ Rxg8 36. Kd1 Qg1+ 37. Ke2 Qxa1 38. Nd1 Rg1 39. Be1 Rg2+ 40.
Bf2 Bc5 41. Qd2 Bf5 42. Bxf5 Nxf5 43. Qd8+ Kh7 44. Qxc7+ Be7 45. Qxe5 Qb1
1/2-1/2

[Event "3. Bessunger Schachpokal"]
[Site "Schachforum Darmstadt"]
[Date "2015.11.19"]
[Round "4.4"]
[White "Karimi, Farhad"]
[Black "Seehaus, Bernhard"]
[Result "1/2-1/2"]
[WhiteElo "2029"]
[BlackElo "2015"]
[PlyCount "43"]
[EventDate "2015.??.??"]

1. e4 d6 2. d4 Nf6 3. Nc3 c6 4. f4 Qa5 5. e5 Ne4 6. Qf3 d5 7. Bd3 Na6 8. Nge2
Nb4 9. O-O Nxd3 10. cxd3 Nxc3 11. bxc3 g6 12. f5 Bxf5 13. g4 Be6 14. Rb1 O-O-O
15. Rb3 h5 16. g5 Bg4 17. Qe3 Bxe2 18. Qxe2 Rh7 19. e6 f5 20. Bf4 Bg7 21. Qb2
b5 22. a4 1/2-1/2

[Event "3. Bessunger Schachpokal"]
[Site "Schachforum Darmstadt"]
[Date "2015.11.19"]
[Round "4.3"]
[White "Tibke, Jonas"]
[Black "Hartmann, Marc Holger"]
[Result "1-0"]
[WhiteElo "1867"]
[BlackElo "1660"]
[PlyCount "102"]
[EventDate "2015.??.??"]

1. e4 e5 2. Nc3 Nf6 3. f4 d5 4. exd5 exf4 5. d4 c6 6. dxc6 Nxc6 7. Nf3 Bb4 8.
Bb5 O-O 9. O-O Bg4 10. Bxc6 bxc6 11. Bxf4 Qb6 12. Ne2 Nd5 13. c3 Nxf4 14. Nxf4
Bd6 15. Nd3 Qc7 16. h3 Bh5 17. Qd2 Kh8 18. Qg5 Bg6 19. Nfe5 Bxd3 20. Nxd3 f6
21. Qf5 Rab8 22. Rae1 Rb5 23. Qf3 Rg5 24. Re6 c5 25. dxc5 Bxc5+ 26. Nxc5 Qxc5+
27. Kh1 Re5 28. Qc6 Qxc6 29. Rxc6 Re2 30. b4 Rxa2 31. Rc7 a5 32. b5 a4 33. Ra7
a3 34. Rf5 Ra1+ 35. Kh2 a2 36. Rc5 h6 37. c4 Rb8 38. Rc6 f5 39. Kg3 f4+ 40.
Kxf4 Rf1+ 41. Ke5 a1=Q+ 42. Rxa1 Rxa1 43. Kd6 Rb1 44. Kc7 R8xb5 45. cxb5 Rxb5
46. Rc2 Kh7 47. Kd6 Kg6 48. Ke6 Kh5 49. Rf2 Rg5 50. Rf5 Rxf5 51. Kxf5 g5 1-0

[Event "3. Bessunger Schachpokal"]
[Site "Schachforum Darmstadt"]
[Date "2015.11.19"]
[Round "4.2"]
[White "Nies, Peter"]
[Black "Nothnagel, Marian Can"]
[Result "0-1"]
[WhiteElo "2013"]
[BlackElo "1994"]
[PlyCount "72"]
[EventDate "2015.??.??"]

1. e4 e5 2. Nf3 d6 3. d4 exd4 4. Nxd4 Nf6 5. Nc3 Be7 6. Be2 O-O 7. O-O a6 8. f4
c5 9. Nb3 Nc6 10. Bf3 Re8 11. Be3 Bf8 12. Bf2 Be6 13. Re1 Qc7 14. Bh4 Nd7 15.
Nd5 Bxd5 16. Qxd5 Nb6 17. Qh5 a5 18. c3 a4 19. Nd2 a3 20. b3 g6 21. Qg4 Bg7 22.
Rac1 c4 23. b4 Na4 24. e5 dxe5 25. f5 e4 26. Nxe4 Ne5 27. Qg3 Qb6+ 28. Kh1 Nd3
29. Bd1 Nxe1 30. Bxa4 Rxe4 31. Rxe1 Rxe1+ 32. Qxe1 Qd6 33. Bb5 Qd5 34. fxg6
hxg6 35. Be8 Bxc3 36. Qxc3 Qd1+ 0-1

[Event "3. Bessunger Schachpokal"]
[Site "Schachforum Darmstadt"]
[Date "2015.11.19"]
[Round "4.1"]
[White "Leck, Jakob"]
[Black "Gramlich, Sebastian"]
[Result "1-0"]
[WhiteElo "1919"]
[BlackElo "2154"]
[PlyCount "61"]
[EventDate "2015.??.??"]

1. e4 Nc6 2. d4 d5 3. e5 Bf5 4. c3 e6 5. Bd3 Nge7 6. Ne2 Qd7 7. Bf4 Bxd3 8.
Qxd3 Ng6 9. Nd2 f6 10. exf6 gxf6 11. Bg3 O-O-O 12. O-O-O Bh6 13. Kb1 Na5 14. f4
Ne7 15. b4 Nc4 16. Nxc4 dxc4 17. Qxc4 Nd5 18. Rd3 Rhg8 19. Qb3 e5 20. dxe5 Qf5
21. Qc2 fxe5 22. fxe5 Rd7 23. Nd4 Qg6 24. Kb2 Ne3 25. Qe2 Qe4 26. Re1 Nc4+ 27.
Ka1 Qd5 28. Qe4 Rg6 29. e6 Rd6 30. Qxd5 Rxd5 31. e7 1-0

[Event "3. Bessunger Schachpokal"]
[Site "Schachforum Darmstadt"]
[Date "2015.10.30"]
[Round "3.9"]
[White "Heun, Andreas"]
[Black "Lukas, Anne"]
[Result "1/2-1/2"]
[WhiteElo "1637"]
[BlackElo "1752"]
[PlyCount "105"]
[EventDate "2015.??.??"]

1. e4 c5 2. Nc3 Nc6 3. Bb5 Nd4 4. Bc4 e6 5. d3 Nf6 6. Bg5 Be7 7. Nge2 a6 8.
Nxd4 cxd4 9. Ne2 Qa5+ 10. Qd2 Bb4 11. c3 dxc3 12. bxc3 Be7 13. O-O O-O 14. f4
Qc5+ 15. Kh1 Ng4 16. Bxe7 Qxe7 17. Nd4 b5 18. Bb3 Bb7 19. Nf3 Rac8 20. Rac1
Rfd8 21. Qe2 Nf6 22. Rfe1 Qc5 23. Nd2 Qc7 24. e5 Nd5 25. Bxd5 Bxd5 26. c4 bxc4
27. dxc4 Bc6 28. Ne4 Bxe4 29. Qxe4 d6 30. h3 Qa5 31. exd6 Rxd6 32. c5 Rd2 33.
Qb7 Qc7 34. Qxa6 Qc6 35. Qxc6 Rxc6 36. a4 Ra2 37. Ra1 Rxa1 38. Rxa1 Rxc5 39. a5
Rc7 40. Kg1 Kf8 41. Kf2 Ke7 42. a6 Ra7 43. Ke3 Kd7 44. Kd4 Kd6 45. g4 h6 46. h4
f6 47. Ra5 Kc6 48. Kc4 Kb6 49. Kb4 Kc6 50. g5 hxg5 51. hxg5 Kb6 52. gxf6 gxf6
53. Rb5+ 1/2-1/2

[Event "3. Bessunger Schachpokal"]
[Site "Schachforum Darmstadt"]
[Date "2015.11.12"]
[Round "3.8"]
[White "Schröder, Oliver"]
[Black "Brockmann, Marcus"]
[Result "1/2-1/2"]
[WhiteElo "1771"]
[BlackElo "1395"]
[PlyCount "42"]
[EventDate "2015.??.??"]

1. d4 Nf6 2. Nf3 c5 3. c3 e6 4. h3 d5 5. Bf4 Nc6 6. e3 Bd6 7. Nbd2 Qe7 8. Ne5
Qc7 9. Ndf3 Nd7 10. Qa4 O-O 11. Nxc6 Bxf4 12. Ne7+ Kh8 13. exf4 Nb6 14. Qb5
Qxe7 15. Qd3 f6 16. Be2 Bd7 17. O-O cxd4 18. Qxd4 Rac8 19. Rfe1 Qc5 20. Qd2 Nc4
21. Bxc4 Qxc4 1/2-1/2

[Event "3. Bessunger Schachpokal"]
[Site "Schachforum Darmstadt"]
[Date "2015.10.30"]
[Round "3.7"]
[White "Hartmann, Marc Holger"]
[Black "Wiencken, Marcus"]
[Result "1-0"]
[WhiteElo "1660"]
[BlackElo "1014"]
[PlyCount "39"]
[EventDate "2015.??.??"]

1. e4 e5 2. Nf3 d6 3. d4 exd4 4. Bc4 Nf6 5. c3 dxc3 6. Qb3 Qe7 7. O-O a6 8. Ng5
d5 9. exd5 b5 10. Qxc3 Qd6 11. Bb3 Be7 12. Be3 Ng4 13. f4 Bxg5 14. Bc5 Qh6 15.
Re1+ Be7 16. Rxe7+ Kd8 17. Qg3 c6 18. Nc3 Nd7 19. f5 Nxc5 20. Qc7# 1-0

[Event "3. Bessunger Schachpokal"]
[Site "Schachforum Darmstadt"]
[Date "2015.10.30"]
[Round "3.6"]
[White "Cors, Heinz-Friedrich"]
[Black "Torrijos, Javier"]
[Result "1/2-1/2"]
[WhiteElo "1826"]
[BlackElo "1496"]
[PlyCount "81"]
[EventDate "2015.??.??"]

1. e4 c6 2. d4 d5 3. e5 Bf5 4. Nf3 e6 5. Be2 c5 6. Be3 Qb6 7. Nc3 Nc6 8. Na4
Qa5+ 9. c3 cxd4 10. Nxd4 Nxd4 11. Bxd4 Nh6 12. Qb3 O-O-O 13. O-O Be7 14. Rfd1
Bg4 15. Bxg4 Nxg4 16. h3 Nh6 17. c4 dxc4 18. Qxc4+ Kb8 19. Bc3 Qc7 20. Qxc7+
Kxc7 21. Rac1 Rxd1+ 22. Rxd1 Rd8 23. Rxd8 Kxd8 24. Bd4 b6 25. f4 Nf5 26. Bf2
Bb4 27. g4 Ne7 28. Kg2 Nd5 29. Kf3 Bd2 30. f5 Nb4 31. a3 Nc2 32. Ke4 Be1 33.
Bxe1 Nxe1 34. Nc3 a6 35. Ne2 Nc2 36. Nf4 Ke7 37. Ng2 Na1 38. Ne3 Nb3 39. Nc4
Nc5+ 40. Ke3 Nd7 41. Kd4 1/2-1/2

[Event "3. Bessunger Schachpokal"]
[Site "Schachforum Darmstadt"]
[Date "2015.10.30"]
[Round "3.5"]
[White "Pauli, Walter"]
[Black "Tibke, Jonas"]
[Result "0-1"]
[WhiteElo "1502"]
[BlackElo "1867"]
[PlyCount "68"]
[EventDate "2015.??.??"]

1. e4 c6 2. d4 d5 3. Nc3 dxe4 4. Nxe4 Nd7 5. Ng5 Ngf6 6. Bd3 h6 7. N5f3 e6 8.
Ne2 b6 9. Bf4 Nh5 10. Qd2 Nxf4 11. Qxf4 Nf6 12. O-O-O Bb7 13. Ne5 Qc7 14. g4
Bd6 15. Rhg1 Nd5 16. Qd2 Bxe5 17. dxe5 Qxe5 18. c4 Nf6 19. f4 Qc7 20. Qc3 O-O-O
21. h3 Kb8 22. f5 Rhe8 23. fxe6 Rxe6 24. Nd4 Qf4+ 25. Kb1 Rxd4 26. Rgf1 Qd6 27.
Bc2 c5 28. Kc1 Be4 29. Ba4 Bd3 30. Bb3 Bxf1 31. Rxf1 Ne4 32. Qf3 Rf6 33. Qe2
Rxf1+ 34. Qxf1 Qf6 0-1

[Event "3. Bessunger Schachpokal"]
[Site "Schachforum Darmstadt"]
[Date "2015.10.30"]
[Round "3.4"]
[White "Tampe, Alexander"]
[Black "Nies, Peter"]
[Result "0-1"]
[WhiteElo "1512"]
[BlackElo "2013"]
[PlyCount "82"]
[EventDate "2015.??.??"]

1. e4 e6 2. d4 d5 3. exd5 exd5 4. Bd3 c5 5. dxc5 Bxc5 6. Nf3 Nf6 7. Bg5 O-O 8.
O-O Qb6 9. Nc3 Ng4 10. Bh4 Qh6 11. Nxd5 Nxh2 12. Bg3 Nxf1 13. Qxf1 Bd6 14. Bxd6
Qxd6 15. Rd1 Nc6 16. Qe2 Kh8 17. c4 Bg4 18. Qe3 Bxf3 19. Qxf3 Qh6 20. Qg3 Rad8
21. a3 Nd4 22. Qg4 Nc6 23. Qg3 f5 24. Qc7 Qh5 25. Re1 Qf7 26. Qf4 Rde8 27. Rxe8
Qxe8 28. Kf1 Qh5 29. f3 Qh1+ 30. Kf2 Qd1 31. Qe3 Qb3 32. Qe2 Nd4 33. Qd2 Ne6
34. Qe2 Nd4 35. Qd2 b5 36. Ne3 f4 37. Nd5 bxc4 38. Be4 Ne6 39. Qe2 Nc5 40. Bf5
Nd3+ 41. Kg1 Qb5 0-1

[Event "3.Bessunger Schachpokal"]
[Site "?"]
[Date "2015.11.06"]
[Round "3.2"]
[White "Gramlich, Sebastian"]
[Black "Karimi, Farhad"]
[Result "1-0"]
[WhiteElo "2154"]
[BlackElo "2029"]
[PlyCount "101"]
[EventDate "2015.??.??"]

1. e4 c6 2. Nf3 d5 3. exd5 cxd5 4. Ne5 Nf6 5. c3 Qc7 6. d4 e6 7. Bf4 Bd6 8. Na3
Bd7 9. Nxd7 Bxf4 10. Nxf6+ gxf6 11. Nb5 Qe7 12. Qf3 Bh6 13. Nc7+ Qxc7 14. Qxf6
Rg8 15. Qxh6 Nd7 16. Qh4 h5 17. O-O-O Rg4 18. Qxh5 Qf4+ 19. Rd2 O-O-O 20. h3
Rh4 21. Qe2 Qh6 22. Qe3 Qh8 23. g3 Rh6 24. h4 Rg8 25. Rc2 Kb8 26. Bg2 Nb6 27.
Re1 Ka8 28. b3 Rc8 29. Kb2 Qf8 30. a4 a5 31. Bf1 f5 32. Qf4 Rg6 33. Bb5 Rg4 34.
Qd2 Qf6 35. f4 Qd8 36. Re3 Kb8 37. Qe1 Rg6 38. h5 Rh6 39. Rxe6 Rxh5 40. Qe5+
Ka7 41. Rd6 Qc7 42. Qe6 Rh2 43. Rxh2 Qxc3+ 44. Ka2 Qxg3 45. Rb2 Qg1 46. Bd3 Rc1
47. Bb1 Nxa4 48. bxa4 Qxd4 49. Ra6+ bxa6 50. Qd7+ Ka8 51. Qb7# 1-0

[Event "3. Bessunger Schachpokal"]
[Site "Schachforum Darmstadt"]
[Date "2015.10.30"]
[Round "3.1"]
[White "Seehaus, Bernhard"]
[Black "Leck, Jakob"]
[Result "0-1"]
[WhiteElo "2015"]
[BlackElo "1919"]
[PlyCount "104"]
[EventDate "2015.??.??"]

1. d3 d5 2. c3 e5 3. Nf3 Nd7 4. a3 Ngf6 5. Bg5 c6 6. e3 Bd6 7. d4 e4 8. Nfd2
O-O 9. c4 Bb8 10. cxd5 cxd5 11. Nc3 Nb6 12. Be2 Qe7 13. Rc1 Qe6 14. a4 a5 15.
Qb3 Nfd7 16. Bf4 Re8 17. Bg3 Bxg3 18. hxg3 Nf6 19. Nb5 Re7 20. Nc7 Rxc7 21.
Rxc7 Qd6 22. Rc1 Bd7 23. Bb5 Be6 24. Bc6 Nc4 25. Nxc4 Qxc6 26. Qb6 dxc4 27.
Qxc6 bxc6 28. Kd2 Rb8 29. Rc2 h6 30. f3 Bd5 31. f4 Ng4 32. Rh4 f5 33. Rh5 g6
34. Rh1 Kg7 35. Rb1 Rb4 36. Ra1 Kf6 37. Ra3 g5 38. Rac3 h5 39. b3 cxb3 40. Rb2
Rxa4 41. Rc5 gxf4 42. gxf4 Ke6 43. g3 Ra1 44. Rxd5 Kxd5 45. Rxb3 Ra2+ 46. Kc1
Kc4 47. Rb6 Nxe3 48. Rxc6+ Kxd4 49. Rh6 Kc3 50. Rc6+ Nc4 51. Kb1 Rh2 52. Kc1
Rg2 0-1

[Event "3. Bessunger Schachpokal"]
[Site "Schachforum Darmstadt"]
[Date "2015.10.23"]
[Round "2.9"]
[White "Brockmann, Marcus"]
[Black "Hartmann, Marc Holger"]
[Result "0-1"]
[WhiteElo "1395"]
[BlackElo "1660"]
[PlyCount "42"]
[EventDate "2015.??.??"]
[WhiteTeam " "]
[BlackTeam " "]

1. e4 e5 2. f4 Bc5 3. Nf3 d6 4. Nc3 Nf6 5. Bc4 Nc6 6. d3 Bg4 7. Na4 Bb6 8. Nxb6
axb6 9. a3 O-O 10. Be3 exf4 11. Bxf4 Nd4 12. c3 d5 13. h3 Bxf3 14. gxf3 dxc4
15. cxd4 Qxd4 16. dxc4 Qxb2 17. Bxc7 Rac8 18. e5 Rxc7 19. exf6 Re8+ 20. Kf1
Qxf6 21. Qd3 Qxa1+ 0-1

[Event "3. Bessunger Schachpokal"]
[Site "Schachforum Darmstadt"]
[Date "2015.10.23"]
[Round "2.8"]
[White "Walther, Eberhard"]
[Black "Pauli, Walter"]
[Result "0-1"]
[WhiteElo "1749"]
[BlackElo "1502"]
[PlyCount "133"]
[EventDate "2015.??.??"]

1. e4 c5 2. c3 Nf6 3. e5 Nd5 4. c4 Nb6 5. f4 d6 6. Nf3 Nc6 7. Nc3 g6 8. d4 cxd4
9. Nxd4 dxe5 10. Nxc6 Qxd1+ 11. Kxd1 bxc6 12. fxe5 Be6 13. b3 O-O-O+ 14. Kc2
Bf5+ 15. Kb2 Bg7 16. Bf4 Nd7 17. Re1 Nc5 18. b4 Ne6 19. Bc1 Rd7 20. h3 h5 21.
g3 Kc7 22. Rh2 Nd4 23. Rf2 Rb8 24. a3 a5 25. b5 cxb5 26. cxb5 Be6 27. a4 Nc6
28. Bf4 Nb4 29. Rc1 Kd8 30. h4 Bf5 31. Re1 e6 32. Kb3 Rc8 33. Rd2 Rxd2 34. Bxd2
Bc2+ 35. Kb2 Bd3 36. Bf4 Bxf1 37. Rxf1 Nd3+ 38. Kc2 Nxe5 39. Kb3 Ng4 40. Ne4
Be5 41. Bd2 f5 42. Bxa5+ Kd7 43. Rd1+ Ke8 44. Nd6+ Bxd6 45. Rxd6 e5 46. Rxg6 e4
47. Rg5 Rc1 48. Kb2 Rg1 49. b6 Rg2+ 50. Kb3 Rxg3+ 51. Kb4 Rg1 52. Kb5 Rb1+ 53.
Ka6 Ne5 54. Rxf5 Nc6 55. b7 Nb8+ 56. Ka7 Nc6+ 57. Ka8 Ke7 58. Bc7 Ra1 59. a5 e3
60. Bg3 e2 61. Rxh5 Nxa5 62. b8=Q Nc6+ 63. Kb7 Nxb8 64. Kxb8 e1=Q 65. Re5+
Qxe5+ 66. Bxe5 Re1 67. Bf6+ 0-1

[Event "3. Bessunger Schachpokal"]
[Site "Schachforum Darmstadt"]
[Date "2015.10.23"]
[Round "2.7"]
[White "Torrijos, Javier"]
[Black "Lukas, Anne"]
[Result "1-0"]
[WhiteElo "1496"]
[BlackElo "1752"]
[PlyCount "91"]
[EventDate "2015.??.??"]

1. d4 Nf6 2. c4 c5 3. Nf3 cxd4 4. Nxd4 Nc6 5. Nc3 g6 6. Bf4 Bg7 7. e3 O-O 8.
Be2 d6 9. Bg3 Qb6 10. Nxc6 bxc6 11. Qd2 Bf5 12. Bf3 Rad8 13. O-O d5 14. cxd5
cxd5 15. Qe2 d4 16. exd4 Rxd4 17. Rad1 Rfd8 18. Rxd4 Rxd4 19. Qxe7 Qxb2 20. Be5
Rd7 21. Nd5 Qb6 22. Nxf6+ Bxf6 23. Qxf6 Qxf6 24. Bxf6 Rd6 25. Be7 Rd2 26. a3
Be6 27. Rd1 Rc2 28. Bf6 Rc8 29. Bb7 Rb8 30. Ba6 Re8 31. Rd8 Kf8 32. Rxe8+ Kxe8
33. Bd4 Kd7 34. Bxa7 Kc6 35. f3 Bb3 36. Kf2 h5 37. h4 f6 38. Ke3 Ba4 39. g4
hxg4 40. fxg4 Kd6 41. Bd3 Be8 42. Bd4 Ke6 43. Bc4+ Ke7 44. Bc5+ Kd8 45. Be6 Kc7
46. Be7 1-0

[Event "3. Bessunger Schachpokal"]
[Site "Schachforum Darmstadt"]
[Date "2015.10.23"]
[Round "2.6"]
[White "Tampe, Alexander"]
[Black "Schröder, Oliver"]
[Result "1-0"]
[WhiteElo "1512"]
[BlackElo "1771"]
[PlyCount "73"]
[EventDate "2015.??.??"]
[WhiteTeam " "]
[BlackTeam " "]

1. e4 g6 2. d4 Bg7 3. e5 d6 4. f4 c5 5. c3 cxd4 6. cxd4 Nh6 7. Nc3 O-O 8. Nf3
Qb6 9. Bc4 Bg4 10. O-O Nf5 11. Nd5 Qd8 12. Ne3 Bxf3 13. Rxf3 Nxe3 14. Bxe3 d5
15. Be2 Qb6 16. b3 Nc6 17. Bf2 f5 18. Rc3 Bh6 19. g3 g5 20. Qd2 gxf4 21. gxf4
Kh8 22. Kh1 Rg8 23. Rg3 Rxg3 24. hxg3 Nxe5 25. Qc2 Ng4 26. Bxg4 fxg4 27. Qf5
Rf8 28. Qxg4 Bxf4 29. gxf4 Rg8 30. Qh4 Rg6 31. Qxe7 Rh6+ 32. Kg1 Rg6+ 33. Kf1
Qa6+ 34. Qe2 b5 35. Re1 h6 36. Qe8+ Rg8 37. Qe6 1-0

[Event "3. Bessunger Schachpokal"]
[Site "Schachforum Darmstadt"]
[Date "2015.10.23"]
[Round "2.5"]
[White "Cors, Heinz-Friedrich"]
[Black "Heun, Andreas"]
[Result "1-0"]
[WhiteElo "1826"]
[BlackElo "1637"]
[PlyCount "105"]
[EventDate "2015.??.??"]
[WhiteTeam " "]
[BlackTeam " "]

1. e4 d6 2. d4 g6 3. Nc3 Bg7 4. f4 e6 5. Nf3 Ne7 6. Bd3 a6 7. a4 O-O 8. Be3
Nbc6 9. O-O Nb4 10. Be2 f5 11. e5 Ned5 12. Bd2 b6 13. Nb1 Bh6 14. c4 Bxf4 15.
cxd5 Nxd5 16. Bxf4 Nxf4 17. Bc4 d5 18. Bd3 g5 19. Qd2 c5 20. Nc3 Ra7 21. Ne2
Nxd3 22. Qxd3 g4 23. Nd2 Qg5 24. Nf4 h5 25. Rac1 c4 26. Qe3 h4 27. Rc3 b5 28.
axb5 axb5 29. Ra3 Rff7 30. Rfa1 Rac7 31. Rf1 Ra7 32. Nxd5 Qxe3+ 33. Nxe3 Rxa3
34. bxa3 Ra7 35. Nb1 h3 36. g3 Rc7 37. Nc3 Rb7 38. Rb1 Bd7 39. Nc2 Bc6 40. a4
Be4 41. Nxe4 fxe4 42. Rxb5 Rf7 43. Rc5 Rb7 44. Rb5 Rf7 45. Rb1 Ra7 46. Rb4 Rc7
47. Kf2 Rf7+ 48. Ke2 e3 49. Nxe3 c3 50. Rc4 Ra7 51. Kd3 c2 52. Kxc2 Rf7 53.
Nxg4 1-0

[Event "3. Bessunger Schachpokal"]
[Site "Schachforum Darmstadt"]
[Date "2015.10.23"]
[Round "2.4"]
[White "Nies, Peter"]
[Black "Leck, Jakob"]
[Result "0-1"]
[WhiteElo "2013"]
[BlackElo "1919"]
[PlyCount "76"]
[EventDate "2015.??.??"]
[WhiteTeam " "]
[BlackTeam " "]

1. e4 c5 2. Nc3 e6 3. Nf3 Nc6 4. d4 cxd4 5. Nxd4 d6 6. Nxc6 bxc6 7. Qf3 Ne7 8.
Qg3 d5 9. Bf4 Ng6 10. Bc7 Qf6 11. exd5 exd5 12. O-O-O Bc5 13. Nxd5 cxd5 14.
Rxd5 O-O 15. Rxc5 Qe7 16. Qe3 Be6 17. Bg3 Rfe8 18. Bb5 Rec8 19. Rxc8+ Rxc8 20.
Rd1 Qb7 21. Ba4 Ne7 22. Bd7 Bxd7 23. Qd4 Qc6 24. c3 Be6 25. Qxa7 Nd5 26. Qd4 f6
27. Re1 Bf7 28. f3 Qa6 29. a3 h6 30. Kd2 Qb5 31. Kc1 Rc4 32. Qd2 Bg6 33. Kd1
Kh7 34. Re2 Rxc3 35. bxc3 Qb1+ 36. Qc1 Nxc3+ 37. Kd2 Qxc1+ 38. Kxc1 Nxe2+ 0-1